| 000 | 00773nam a2200229Ia 4500 | ||
|---|---|---|---|
| 001 | 10272 | ||
| 003 | GE_BSU | ||
| 008 | 181216s||||||||xx |||||||||||||| ||und|| | ||
| 040 | _cGE_BSU | ||
| 080 | _a821.353.1-1 | ||
| 100 | _aნონეშვილი,იოსებ | ||
| 245 | _aთხზულებანი ორ ტომად.ტ.2 | ||
| 245 | _bლექსები | ||
| 245 | _cრედ:ელგუჯა მაღრაძე;მხატვ:.დავით დუნდუა | ||
| 260 | _aთბილისი. | ||
| 260 | _bსაბჭ.საქართველო | ||
| 260 | _c1982. | ||
| 300 | _a382გვ;20სმ. | ||
| 653 | _aთხზულებანი ორ ტომად | ||
| 653 | _aლექსები | ||
| 942 | _cBK | ||
| 999 |
_c43541 _d43541 |
||